[Event "Romanian-ch Open 2022"]
[Site "Eforie Nord"]
[Date "2022.02.20"]
[Round "1.1"]
[White "Daianu, Cristian-Clement"]
[Black "Lupulescu, Constantin"]
[Result "0-1"]
[WhiteElo "2171"]
[BlackElo "2620"]
[Annotator "TA"]
[PlyCount "92"]
[EventDate "2022.02.20"]
[EventType "swiss"]
[EventCountry "ROU"]
[SourceTitle "playchess.com"]
[Source "ChessBase"]
[SourceQuality "1"]

{[%evp 18,92,39,4,32,-2,0,-20,23,12,0,-22,-14,0,0,0,0,0,0,0,0,0,-9,-70,59,0,-12,-2,0,-20,-18,-10,-9,-60,-64,-58,-61,-63,-68,-69,-67,-39,0,0,0,0,0,0,0,0,0,0,0,-2,-1,-1,-4,-8,0,-33,-50,-616,-592,-490,-310,-762,-620,-1195,-991,-942,-1126,-1013,-865,-973,-520,-1277,-1104]} 1. e4 c5 2. Nf3 d6 3. d4 cxd4 4. Nxd4 Nf6 5. Nc3 Nc6 6. Bg5 e6 7. Qd2 a6 8. O-O-O Be7 9. f4 Bd7 10. Kb1 b5 {B68: Sicilian: Richter-Rauzer: 7...a6 8 0-0-0 Bd7 9 f4 Be7 .} (10... h6 $5 {[%cal Rh6g5]} 11. Bh4 Nxd4 12. Qxd4 Bc6 $11) 11. Bxf6 Bxf6 12. Nf3 b4 (12... Be7 $142 $1) 13. Ne2 $11 Be7 14. Ned4 Qb6 15. g4 Nxd4 16. Nxd4 a5 {[%cal Ba6a5,Ba5a4][%mdl 32]} 17. g5 a4 {[#]} 18. Bc4 $146 ({Predecessor:} 18. f5 b3 19. cxb3 axb3 20. a3 e5 21. f6 exd4 22. fxe7 Kxe7 23. Qxd4 Qxd4 24. Rxd4 {0-1 (40) Trkulja,Z (2195)-Stanec,N (2465) Aschach 1997}) 18... Qc5 {Inhibits f5.} 19. Qe2 {[%cal Of4f5]} O-O {[%cal Bh8f8,Bf8e8,Be8e7][%mdl 32]} 20. f5 (20. h4 $11) 20... e5 {[#]} ({Don't do} 20... Bxg5 21. fxe6 Bf6 22. Qd3 (22. exd7 Bxd4 23. Bd5 Rad8 $14) (22. exf7+ Kh8 $14) 22... fxe6 23. Nxe6 Bxe6 24. Bxe6+ Kh8 25. Qxd6 Qxd6 26. Rxd6 $11) (20... exf5 $15 21. exf5 Bxg5) 21. f6 $1 exd4 22. fxe7 Rfe8 23. Qd3 Rac8 24. b3 ({Reject} 24. Ba6 Rc7 25. b3 Rxe7 $17) 24... Be6 25. Qxd4 (25. Bxe6 $11 fxe6 26. bxa4) 25... Bxc4 $15 26. Qxc4 Qxc4 {Really sharp!} 27. bxc4 Rxe7 28. Rxd6 Rxe4 $11 {[%mdl 4096] Endgame KRR-KRR} 29. Rhd1 Kf8 30. R1d4 $1 Rxc4 31. Rd8+ Ke7 32. R8d7+ Ke8 33. Rd8+ Ke7 34. R8d7+ Ke6 35. R4d6+ Kf5 {[#] White must now prevent ...Re1+.} 36. Rxf7+ Kg4 37. Rd1 {Inhibits Re1.} Re2 38. Rc1 Kxg5 {aiming for ...Kg6.} 39. Rg1+ $2 {[%mdl 8192] Loses the game.} (39. Rxg7+ $15 Kh6 40. Rg3) 39... Kh4 $19 40. Rfxg7 {[%cal Rg7h7]} h5 {[%cal Bh7h5,Bh5h4][%mdl 32]} 41. Rc1 (41. R1g2 Rcxc2 42. Rxe2 Rxe2 43. Rb7) 41... Kh3 {Black is clearly winning.} 42. a3 bxa3 43. Rg3+ Kxh2 44. Rxa3 Rg2 {...h4 is the strong threat.} 45. Kb2 h4 {Hoping for ...Rg1.} 46. Re3 (46. Rd3 $142 h3 47. Rf3) 46... Rg1 {Weighted Error Value: White=0.70/Black=0.20 (precise)} 0-1

[Event "Romanian-ch Open 2022"]
[Site "Eforie Nord"]
[Date "2022.02.20"]
[Round "1.2"]
[White "Parligras, Mircea-Emilian"]
[Black "Coca, Cristi-Iulian"]
[Result "1-0"]
[WhiteElo "2575"]
[BlackElo "2147"]
[Annotator "TA"]
[PlyCount "63"]
[EventDate "2022.02.20"]
[EventType "swiss"]
[EventCountry "ROU"]
[SourceTitle "playchess.com"]
[Source "ChessBase"]
[SourceQuality "1"]

{[%evp 14,63,41,36,50,51,42,64,50,39,43,20,60,60,58,22,116,129,141,106,135,151,225,197,243,234,272,181,321,270,243,249,329,308,339,325,308,320,554,550,1018,973,1079,744,731,741,29987,29988,29989,29990,29990,29991]} 1. d4 Nf6 2. c4 g6 3. Nc3 Bg7 4. e4 d6 5. h3 O-O 6. Be3 c5 7. Nf3 cxd4 8. Nxd4 (8. Qxd4 Ng4 $1 9. Qd3 Nxe3 10. Qxe3 Qb6 $15) 8... b6 {E90: King's Indian: Classical: Early deviations and 6 h3.} 9. Qd2 Bb7 10. f3 Nbd7 {White is slightly better.} 11. O-O-O Rc8 12. h4 h5 13. Bh6 {[%cal Og2g4] [#]} Ne5 $146 {Inhibits g4.} ({Predecessor:} 13... a6 14. g4 e6 15. Bxg7 Kxg7 16. g5 Ne8 17. Kb1 Nc5 18. Bh3 Kh7 19. Rhe1 e5 {1-0 (37) Cacheiro Martinez,M (2215)-Fluit,J (2201) ICCF email 2019}) 14. g4 {[%cal Bg2g4,Bg4g5][%mdl 32]} e6 (14... Nxc4 $11 {remains equal.} 15. Bxc4 Rxc4 16. Bxg7 Kxg7) 15. Bxg7 $16 {White now steadily converts the win.} Kxg7 {[#]} 16. g5 Ne8 {[#]} 17. b3 $1 d5 (17... Kg8 $16 {was called for.} 18. Kb1 Nc6) 18. f4 {[%cal Bf3f4,Bf4f5][%mdl 32]} Nd7 (18... Nc6 $142) 19. cxd5 $18 exd5 20. e5 {Inhibits Nd6.} b5 (20... Nc5 $142 21. Kb1 Qe7) 21. Bxb5 Nc5 {Hoping for ...Ne4.} 22. Kb2 Nc7 23. f5 Nxb5 24. Ncxb5 (24. Ndxb5 d4 25. Nxd4 (25. Qxd4 Qxd4 26. Nxd4 Bxh1 $17) 25... Bxh1 26. Rxh1 a6 $16) (24. f6+ Kg8 25. Ncxb5 Ne4 $16) 24... Ne4 25. Qf4 {Chess con chili.} Qa5 $2 (25... Ba6 {was necessary.} 26. e6 (26. Nxa7 Qc7 $16) 26... Bxb5) 26. e6 a6 {[#]} 27. e7 $1 axb5 (27... Rfe8 28. Nd6) 28. exf8=Q+ ({Worse is} 28. exf8=N Ra8 29. Kc2 (29. a4 Qc3+ 30. Ka2 bxa4 $11) 29... Qxa2+ 30. Kd3 Nf2+ 31. Ke3 Ng4+ 32. Kd3 Nf2+ 33. Ke3 Ng4+ 34. Kd3 Nf2+ $11) 28... Rxf8 29. fxg6 b4 30. Rhf1 {White mates.} Kxg6 31. Qf5+ Kg7 {[#]} 32. Ne6+ $1 {[%mdl 512] Weighted Error Value: White=0.12 (very precise) /Black=0.71} 1-0

[Event "Romanian-ch Open 2022"]
[Site "Eforie Nord"]
[Date "2022.02.20"]
[Round "1.3"]
[White "Andronescu, Madalin"]
[Black "Szabo, Gergely-Andras-Gyula"]
[Result "1/2-1/2"]
[WhiteElo "2122"]
[BlackElo "2524"]
[Annotator "TA"]
[PlyCount "43"]
[EventDate "2022.02.20"]
[EventType "swiss"]
[EventCountry "ROU"]
[SourceTitle "playchess.com"]
[Source "ChessBase"]
[SourceQuality "1"]

{[%evp 11,43,10,12,19,17,18,16,12,11,15,33,0,0,10,4,0,0,-16,51,46,58,83,78,40,47,29,41,41,35,46,50,0,0,-485]} 1. e4 c5 2. Nf3 d6 3. d4 cxd4 4. Nxd4 Nf6 5. Nc3 a6 6. Bg5 Nbd7 7. Qe2 $1 {[%mdl 4] 7.Qe2 is a critical line. B94: Sicilian Najdorf: 6 Bg5 Nbd7.} h6 8. Bh4 g6 9. O-O-O {With the idea f4.} (9. f4 $5 {[%cal Re4e5]}) 9... e5 10. Nb3 {[%cal Of2f4]} Be7 11. g4 b5 12. a3 {[#]} Nb6 $146 ({Predecessor:} 12... Qc7 13. Bg3 Nb6 14. h3 g5 15. f3 Be6 16. Nd2 Rb8 17. h4 Nfd7 18. Qe3 Rg8 {½-½ (59) Kristensen,K (2329)-Teplyi,I (2440) Ballerup 2017}) 13. h3 {[%cal Of2f4]} Qc7 14. Bg2 {[%cal Of2f4]} Na4 (14... Rb8 $11) 15. Bxf6 $14 Bxf6 16. Nd5 $1 {[%csl LRc7,LRf6]} Qd8 17. Nxf6+ Qxf6 18. Qd2 O-O 19. Qxh6 Qxf2 20. Rd2 Qg3 21. Rxd6 $2 {[%mdl 8192] [#]} Qxg2 $19 22. Rxg6+ {[%mdl 32768] Weighted Error Value: White=0.11 (very precise) /Black=0.07 (flawless) . An unexpected result.} 1/2-1/2

[Event "Romanian-ch Open 2022"]
[Site "Eforie Nord"]
[Date "2022.02.20"]
[Round "1.4"]
[White "Nanu, Costica-Ciprian"]
[Black "Creanga, Robert-Ionut"]
[Result "1-0"]
[WhiteElo "2513"]
[BlackElo "2115"]
[Annotator "TA"]
[PlyCount "85"]
[EventDate "2022.02.20"]
[EventType "swiss"]
[EventCountry "ROU"]
[SourceTitle "playchess.com"]
[Source "ChessBase"]
[SourceQuality "1"]

{[%evp 13,85,0,0,-6,-7,0,7,6,10,10,7,5,25,20,29,-19,0,0,0,-22,26,26,20,16,16,18,32,0,0,3,11,0,64,68,77,68,95,93,132,71,160,146,160,108,153,124,138,98,134,142,121,106,137,125,134,0,127,126,118,128,155,156,155,157,186,166,244,248,390,399,384,367,1470,1264]} 1. Nf3 Nf6 2. c4 e6 3. e3 b6 4. d4 Bb7 5. Bd3 d5 6. cxd5 exd5 7. O-O Bd6 8. b3 {E14: Queen's Indian: Classical Variation (4 e3).} O-O 9. Ba3 c5 10. Nc3 {The position is equal.} Nbd7 11. Rc1 Rc8 12. Bf5 g6 13. Bh3 Re8 {[%cal Oc5d4]} 14. Na4 (14. Re1 $142) 14... Qe7 15. dxc5 bxc5 {[#]} 16. Re1 $146 ({Predecessor:} 16. Bb2 Rcd8 17. Qd3 Ne4 18. a3 Nb6 19. Nc3 d4 20. exd4 cxd4 21. Nb5 Nc5 22. Qd1 {½-½ (41) Kosic,D (2445)-Bhambure,S (2367) Arandjelovac 2021}) 16... Rc7 (16... Ne4 $142) 17. Bxd7 $11 Nxd7 18. Nc3 Nf6 19. Nb5 {[%csl LRa7,LRc7]} Rcc8 20. Nxa7 Ra8 21. Nb5 Ne4 22. Rc2 Ra5 (22... Bb8 $11 23. Bc1 Bc6) 23. Nxd6 $14 Qxd6 {[#]} 24. Bc1 Rea8 25. Nd2 {Strongly threatening Nxe4.} Qe6 26. Nxe4 (26. a3 $142) 26... Qxe4 ({Black should play} 26... dxe4 27. Qd2 Qd5) 27. f3 $16 Qe6 28. Qd2 (28. a4 $142) 28... Qa6 (28... f6 $142) 29. b4 cxb4 30. Qxb4 Qb5 {[#]} 31. Qd2 {White is more active.} Ra4 32. a3 Bc8 33. Rb2 Qc4 34. Rc2 Qb5 35. Qf2 Bf5 36. Rd2 d4 37. e4 $36 {[%mdl 2048] White is on the roll.} Be6 38. Rxd4 Rc8 39. Bb2 Rac4 (39... Rxd4 {might work better.} 40. Qxd4 (40. Bxd4 h5 $18) 40... Qc5 41. Qxc5 Rxc5) 40. Rxc4 $18 Qxc4 (40... Bxc4 {keeps fighting.} 41. Rd1 (41. Qd4 Qc5 $18) 41... Rb8) 41. Qh4 {Black must now prevent Qf6.} Qc5+ 42. Kh1 {And now Rd1 would win.} Qa5 $2 (42... Qd6) 43. Rd1 {Weighted Error Value: White=0.14 (very precise) /Black=0.23 (precise)} 1-0

[Event "Romanian-ch Open 2022"]
[Site "Eforie Nord"]
[Date "2022.02.20"]
[Round "1.5"]
[White "Vilcu, Matei-Stefan"]
[Black "Gavrilescu, David"]
[Result "1/2-1/2"]
[WhiteElo "2112"]
[BlackElo "2512"]
[Annotator "TA"]
[PlyCount "111"]
[EventDate "2022.02.20"]
[EventType "swiss"]
[EventCountry "ROU"]
[SourceTitle "playchess.com"]
[Source "ChessBase"]
[SourceQuality "1"]

{[%evp 9,111,12,15,13,17,16,40,34,26,33,17,0,0,-30,-35,-28,-20,-34,-12,-23,-20,-22,0,0,0,-23,-18,-19,0,-8,-6,-52,-56,-37,-6,-11,-10,-18,222,220,435,439,440,441,436,428,547,545,510,382,377,335,393,400,401,369,396,390,446,445,434,276,302,275,278,0,285,0,284,279,287,302,437,420,410,418,504,503,495,472,595,577,854,871,818,769,743,730,1131,1110,1417,1412,1373,1400,1283,1213,4137,4137,4137,4137,1194,1066,29969,9262]} 1. e4 c6 2. d4 d5 3. e5 c5 4. c4 cxd4 5. Nf3 Nc6 6. Nxd4 {B12: Caro-Kann: Advance Variation.} e6 7. Nc3 Bc5 8. Nxc6 {White is slightly better.} bxc6 9. cxd5 cxd5 {9...exd5 is the fancy move.} 10. Qg4 Ne7 {[#]} 11. Bd3 $146 (11. b4 h5 12. Qh4 (12. Qxg7 Rg8 $17) 12... Bb6 $15) ({Predecessor:} 11. Qxg7 Rg8 12. Qxh7 Rb8 13. Qc2 Nc6 14. Bf4 Rg4 15. Bg3 Rgb4 16. Bb5 R4xb5 17. Nxb5 Rxb5 {½-½ (42) Haslinger,S (2511)-Houska,J (2405) Liverpool 2008}) 11... Ng6 12. O-O Bd7 13. Kh1 Rb8 14. f4 O-O {[%cal Bh8f8,Bf8f6,Bf6g6][%mdl 32]} 15. Rb1 f5 16. exf6 Rxf6 17. Qe2 {[%cal Of4f5]} Ne7 {To avoid f5} 18. Bd2 Nf5 {[%cal Of5g3] ( -> ...Ng3+!)} 19. Qe1 {To avoid Ng3+} Bc6 20. a3 (20. Rc1 $11 {might be stronger.}) 20... Rg6 $15 21. Rf3 {Inhibits Ng3+.} a5 {Prevents b4.} (21... Rb3 $5 {[%cal Rd5d4]} 22. Bc2 Rb8 $15) 22. Nd1 a4 23. Rc1 Qd6 (23... Qe7 $11) 24. Qe5 $18 d4 $2 (24... Rb6 {was worth a try.} 25. Ba5 (25. Bxf5 exf5 26. Qxf5 Qf8 $14) 25... Rb5 26. Bxb5 Bxb5 27. Rxc5 Qxc5) 25. Qxd6 ({Weaker is} 25. Rxc5 Bxf3 26. gxf3 Rf6 $18) 25... Nxd6 26. Bxg6 (26. Rxc5 Bxf3 27. gxf3 Rf6 $18) 26... Bxf3 27. gxf3 hxg6 28. Rxc5 Rb3 29. Bb4 Rxf3 30. Kg2 {To avoid Rf1} Rxf4 31. Rc6 Nf5 32. Rxe6 Kf7 33. Re2 Rg4+ 34. Kf3 Rh4 35. Rd2 Ke6 36. Kg2 Rg4+ 37. Kf3 Rh4 38. Kg2 Rg4+ $1 39. Kf2 Rh4 40. Kg1 Kd5 (40... g5 $142 41. Re2+ Kf6) 41. Nc3+ Kc4 42. Nxa4 Ne3 43. Nc5 Rg4+ 44. Kf2 ({Less strong is} 44. Kh1 Rf4 45. h3 Kd5 $18) 44... Rg2+ 45. Kf3 ({Not} 45. Ke1 Nc2+ 46. Kf1 Ne3+ 47. Ke1 Nc2+ 48. Kf1 Ne3+ 49. Ke1 $11) 45... Rxd2 {[%mdl 4096] Endgame KRN-KBN} 46. b3+ Kd5 47. Bxd2 Nf1 48. Bb4 Nxh2+ 49. Kf4 g5+ 50. Kxg5 Nf3+ 51. Kf4 Ne5 52. a4 {[%cal Ba3a4,Ba4a5][%mdl 32]} g5+ 53. Kxg5 d3 54. Kf5 Nc6 55. Nxd3 {Strongly threatening Bc5.} Kd4 {[#]} 56. a5 $1 {[%mdl 32768] Weighted Error Value: White=0.24 (precise) /Black=0.35. An unexpected result.} 1/2-1/2

[Event "Romanian-ch Open 2022"]
[Site "Eforie Nord"]
[Date "2022.02.20"]
[Round "1.7"]
[White "Serban, Cristian-Stefan"]
[Black "Nevednichy, Vladislav"]
[Result "1/2-1/2"]
[WhiteElo "2090"]
[BlackElo "2498"]
[Annotator "TA"]
[PlyCount "145"]
[EventDate "2022.02.20"]
[EventType "swiss"]
[EventCountry "ROU"]
[SourceTitle "playchess.com"]
[Source "ChessBase"]
[SourceQuality "1"]

{[%evp 19,145,19,27,22,31,20,42,43,47,42,74,69,92,50,66,37,45,2,8,0,5,0,0,0,0,0,44,43,43,43,45,50,44,49,45,51,54,41,54,45,66,55,57,35,55,35,40,38,56,56,71,38,47,47,77,66,68,21,21,0,200,191,207,198,200,201,177,153,94,72,76,75,120,116,111,114,125,119,146,152,141,131,185,123,187,180,238,226,275,156,156,147,187,147,196,189,167,133,147,123,136,0,0,0,9,17,78,0,0,0,0,0,80,0,0,0,0,0,0,0,0,0,0,0,0,0,0,0]} 1. d4 Nf6 2. c4 e6 3. Nc3 d5 4. cxd5 exd5 5. Bg5 c6 6. Qc2 Be7 7. e3 h6 8. Bh4 O-O 9. Bd3 Nbd7 10. Nge2 Ne8 11. Bg3 $1 {The main line 11.Bg3 scores better than 11.Bxe7. D36: Queen's Gambit Declined: Exchange Variation: Main line (5 Bg5 c6 6 Qc2).} Bd6 12. O-O (12. Nf4 {keeps more tension.} Ndf6 13. O-O Nc7 14. Rab1 a6 15. Nfe2) 12... Ndf6 13. f3 {White is slightly better.} Bxg3 14. Nxg3 {[#]} b6 $146 ({Predecessor:} 14... Nd6 15. Rad1 Re8 16. Rfe1 Qe7 17. e4 dxe4 18. fxe4 Bg4 19. Rd2 Nh5 20. Nxh5 Bxh5 {1-0 (33) Obregon Garcia,R (2167)-Farhat Willemstein,S (1758) Chess.com INT 2021}) 15. Rad1 Nc7 16. Rfe1 (16. Nce2 $16) 16... Bb7 17. Kh1 {White is much more active. Black has bad knights.} Ne6 18. Nf5 (18. Qf2 $14) 18... g6 $11 19. Nxh6+ Kg7 20. Ng4 Nxg4 21. fxg4 Qh4 22. h3 Rh8 (22... Ng5 $11) 23. Kg1 $1 $14 Qg3 24. Qf2 $36 {[%mdl 2048] White has the initiative.} Rxh3 {[%cal Oh3h1] ( -> ...Rh1+!)} 25. Qxg3 {Dancing on a razor blade.} Rxg3 26. Be2 {Kf2 is the strong threat.} Rxe3 27. Kf2 Rxe2+ 28. Rxe2 Rd8 29. Re5 Ba6 30. Kg3 Kf6 {[%cal Oe6d4]} 31. Re3 Rd7 32. Rd2 Kg7 33. Re5 Rd8 34. Nd1 Bb7 35. Ne3 Rh8 36. b4 Bc8 37. Nd1 $1 {[%cal Ob4b5]} Ba6 38. a4 (38. Nf2 $14) 38... Bc4 $11 39. Nf2 b5 $2 (39... Rb8 $11) 40. a5 $18 Kf6 {[%cal Oe6d4]} 41. g5+ $1 Ke7 (41... Kg7 42. Kg4 $16) 42. Nh3 Kd6 {[%cal Oe6d4]} 43. Re3 Ng7 44. Rf3 Nf5+ 45. Kf2 $1 {aiming for g4.} Ke7 (45... Kd7 $142) 46. Kg1 $16 Rh4 47. Rf4 Rh7 48. Rd1 Kd7 {[#]} 49. Re1 $1 {Hoping for Nf2.} Ng3 50. Rg4 Nf5 (50... Ne2+ $16 51. Kf2 Nc3) 51. Re5 ({White should try} 51. Nf2 $18) 51... Bd3 {[#]} (51... Ng7 $16) 52. Nf2 $1 $18 Bc2 (52... Bc4 {might work better.} 53. Re1 Kd8) 53. Rf4 Rh8 54. g4 (54. Re2 $18 Bb1 55. Rb2) 54... Nd6 $16 55. Re2 Bb1 56. Kg2 Rh7 (56... Rf8 $16 57. Kg3 Rh8) 57. Re1 $18 Be4+ 58. Kg3 ({Not} 58. Rfxe4 dxe4 59. Nxe4 Nxe4 60. Rxe4 Kd6 $11) ({Don't do} 58. Nxe4 $6 Nxe4 59. Rff1 Rg7 $11) (58. Rexe4 dxe4 59. Nxe4 Nxe4 60. Rxe4 Rh4 $11) 58... a6 59. Rc1 ({Of course not} 59. Nxe4 $6 Nxe4+ 60. Kg2 Nxg5 $14) 59... Rh8 60. Nxe4 ({Better is} 60. Rc5 $16) 60... Nxe4+ $16 {[%mdl 4096] Endgame KRR-KRN} 61. Kg2 Nxg5 62. Rf6 Rc8 (62... Rh4 $11) 63. Re1 (63. Rc2 $16) 63... Rf8 $1 $11 64. Ref1 (64. Rf2 $11) 64... Re8 $16 65. Rc1 Rc8 66. Re1 (66. Kf1 $16) 66... Rf8 $1 $11 {The position is equal.} 67. Rc1 Ne6 68. Rd1 Ke7 69. Rff1 Kd6 70. Rf6 Ke7 71. Rff1 Kd6 72. Rf6 Ke7 73. Rff1 {White really could win this.  Weighted Error Value: White=0.14 (very precise) /Black=0.23 (precise)} 1/2-1/2

[Event "Romanian-ch Open 2022"]
[Site "Eforie Nord"]
[Date "2022.02.20"]
[Round "1.8"]
[White "Manolache, Marius"]
[Black "Sachilaru, Alexandru"]
[Result "*"]
[WhiteElo "2485"]
[BlackElo "2085"]
[Annotator "RC"]
[PlyCount "22"]
[EventDate "2022.02.20"]
[EventType "swiss"]
[EventCountry "ROU"]
[SourceTitle "playchess.com"]
[Source "ChessBase"]
[SourceQuality "1"]
[TimeControl "40/5400+30:900+30"]

1. d4 {[%emt 0:02:40]} Nf6 {[%emt 0:00:14]} 2. Bg5 {[%emt 0:00:30]} d5 {[%emt 0:00:30]} 3. Nd2 {[%emt 0:00:30]} c5 {[%emt 0:00:30]} 4. e3 {[%emt 0:00:30]} Nc6 {[%emt 0:00:30]} 5. c3 {[%emt 0:00:30]} e6 {[%emt 0:00:30]} 6. Ngf3 {[%emt 0:00:30]} Be7 {[%emt 0:00:30]} 7. Bd3 {[%emt 0:00:30]} h6 {[%emt 0:00:30]} 8. Bxf6 {[%emt 0:00:30]} gxf6 {[%emt 0:00:30]} 9. dxc5 {[%emt 0:00:30]} Bxc5 {[%emt 0:00:30]} 10. e4 {[%emt 0:00:30]} f5 {[%emt 0:00:30]} 11. exd5 {[%emt 0:00:30]} Qxd5 {[%emt 0:00:30]} *

[Event "Romanian-ch Open 2022"]
[Site "Eforie Nord"]
[Date "2022.02.20"]
[Round "1.8"]
[White "Popescu, Daniel-Vasilica"]
[Black "Istratescu, Andrei"]
[Result "0-1"]
[WhiteElo "2064"]
[BlackElo "2470"]
[Annotator "TA"]
[PlyCount "69"]
[EventDate "2022.02.20"]
[EventType "swiss"]
[EventCountry "ROU"]
[SourceTitle "playchess.com"]
[Source "ChessBase"]
[SourceQuality "1"]

{[%evp 15,69,12,25,3,11,0,0,-6,0,0,0,-25,-38,-71,0,-35,-8,-88,-26,-70,-80,-78,-78,-98,-28,-54,-29,-37,-47,-41,-44,-56,-54,-95,-85,-119,-122,-330,-330,-347,-343,-363,-359,-360,-90,-819,-801,-785,-785,-711,-647,-1434,-1428,-1392,-1276,-958]} 1. e4 c5 2. Nf3 Nc6 3. d4 cxd4 4. Nxd4 Nf6 5. Nc3 d6 6. g3 g6 7. Bg2 Bd7 8. O-O Bg7 9. Re1 {B70: Sicilian Dragon: 6 g3 and 6 Be2 (without a later Be3).} O-O 10. Nb3 Rb8 11. h3 {The position is equal.} b5 12. Nd5 {[#]} Ne5 $146 ({Predecessor:} 12... a5 13. Bg5 a4 14. Bxf6 exf6 15. Nd4 Nxd4 16. Qxd4 f5 17. Qb4 fxe4 18. Rxe4 Kh8 {½-½ (45) Weber,U (2390)-Shabalov,A (2626) Bad Wiessee 2007}) 13. Kh2 Nc4 14. c3 a5 (14... Nxd5 $17 15. exd5 b4) 15. Nd2 Nb6 16. Nf1 (16. Nb3 $11 {remains equal.}) 16... Re8 (16... Nfxd5 $17 17. exd5 b4 18. cxb4 axb4) 17. Nfe3 (17. Nxf6+ $11 Bxf6 18. Ne3) 17... Nfxd5 $1 $15 18. exd5 b4 19. cxb4 {[#]} axb4 (19... Na4 $1 $17 20. bxa5 Nxb2 21. Bxb2 Rxb2) 20. Ng4 Bxg4 (20... Nc4 {keeps more tension.} 21. Nh6+ Kf8 22. Qf3 f6 23. Ng4 Rc8) 21. Qxg4 Na4 {[%cal Bb6a4,Ba4c5,Bc5e6,Be6d4][%mdl 32]} 22. Re2 Qa5 23. Qc4 Bf6 24. Rb1 (24. h4 $15) 24... Rec8 25. Qb3 Nc5 {Black is more active.} 26. Qc4 {[#]} (26. Qd1 $17 {keeps fighting.}) 26... Ne6 $1 $19 {[%mdl 512]} 27. Qd3 (27. Qe4 Nd4) 27... Nd4 28. Re4 Qxa2 ({Worse is} 28... Qxd5 29. Bh6 $17) 29. Bh6 Rc2 $2 ({Don't go for} 29... Qxd5 $2 30. Qd1 Qh5 31. Qxh5 gxh5 32. Be3 $19) (29... Nf5 $19 30. Bf4 b3) 30. Rxd4 $4 {[%mdl 8192]} Qxb1 {Black is clearly winning.} 31. Rc4 Rxb2 32. Qe3 Qf5 33. Qc1 Rxf2 {Hoping for ...b3.} 34. Qe3 {[#]} Rxg2+ $1 35. Kxg2 {Weighted Error Value: White=0.57/Black=0.33} 0-1

[Event "Romanian-ch Open 2022"]
[Site "Eforie Nord"]
[Date "2022.02.20"]
[Round "1.9"]
[White "Manolache, Marius"]
[Black "Sachilaru, Alexandru"]
[Result "1-0"]
[WhiteElo "2485"]
[BlackElo "2085"]
[Annotator "TA"]
[PlyCount "145"]
[EventDate "2022.02.20"]
[EventType "swiss"]
[EventCountry "ROU"]
[SourceTitle "playchess.com"]
[Source "ChessBase"]
[SourceQuality "1"]

{[%evp 12,145,14,0,28,31,38,29,41,0,69,71,55,69,102,90,93,65,66,67,47,0,0,0,0,-1,17,12,89,83,87,65,128,115,136,129,120,118,146,147,139,121,102,46,50,12,21,19,91,20,15,22,28,37,177,170,183,184,177,41,170,171,170,172,176,110,95,62,70,16,21,0,0,0,12,14,8,22,76,56,109,56,56,41,47,48,58,41,80,58,58,45,59,62,69,76,74,50,75,74,85,83,83,83,84,69,138,79,77,41,41,41,76,35,81,81,81,76,77,77,75,52,63,0,76,75,81,81,81,81,86,85,105,81,1479,1223]} 1. d4 Nf6 2. Bg5 d5 3. Nd2 c5 4. e3 Nc6 5. c3 e6 6. Ngf3 Be7 7. Bd3 h6 {D03: 1 d4 d5 2 Nf3 Nf6 3 Bg5, including Torre Attack with early ...d5.} 8. Bxf6 gxf6 9. dxc5 Bxc5 {[#] White has an edge.} 10. e4 $146 (10. O-O $14) ({Predecessor:} 10. Nb3 Bb6 11. a3 Bd7 12. Bb5 Qe7 13. c4 dxc4 14. Bxc4 Rg8 15. Kf1 Rd8 16. Qc2 {½-½ (43) Pereira,A (1736)-Jorge,A (1838) Porto Alegre 2013}) 10... f5 (10... dxe4 $11 11. Bxe4 (11. Nxe4 Be7 $11) 11... Bd7) 11. exd5 $14 ({Of course not} 11. exf5 e5 $11) 11... Qxd5 12. Qe2 Bd7 13. b4 Be7 14. O-O Bf6 15. Nc4 $1 {To avoid Ne5. Black must now prevent Rad1.} Bxc3 16. Ne3 (16. Rac1 $14 {feels stronger.} Nd4 17. Nxd4 Bxd4 18. Bxf5 $1) 16... Nd4 $1 $11 17. Nxd4 Qxd4 18. Rad1 {And now Bb5 would win.} Qe5 {Prevents Bb5.} (18... Bxb4 $2 19. Bb5 Qe5 20. Rxd7 $18) 19. f4 $1 {[%mdl 1024] White has compensation.} Qc7 (19... Qf6 $1 $11) 20. Nd5 Bd4+ 21. Kh1 Qc6 (21... Qd6 $1 $14) 22. Bc4 $16 Kf8 23. Rxd4 exd5 24. Bxd5 Qf6 25. Qd2 {White is much more active. Black has bad knights.} Bb5 26. Rc1 Re8 27. Bf3 (27. Bxb7 $16 {Threatens to win with Rd6.} Re2 28. Rd6 $1 Rxd2 29. Rxf6) 27... Kg7 $14 28. Qf2 Rc8 29. Rcd1 $36 {[%cal Bc1d1,Bd1d3,Bd3a3][%mdl 2080] Black is under pressure.} Rhe8 (29... Ba4 $1 $11) 30. h3 (30. Rd6 $16 Re6 31. Rxe6 Qxe6 32. Qxa7 (32. Bxb7 Rc7 $16)) 30... b6 $1 $11 31. Kh2 Ba4 32. R1d3 Rc2 (32... Bb5 $14) 33. Qg3+ $1 $18 Kh7 34. Rd6 Qg7 35. Qxg7+ Kxg7 36. Ra3 b5 37. Rd7 {Inhibits Rc7.} Rec8 38. Rxa7 (38. Bd5 $18) 38... R8c7 $16 39. Ra8 R2c4 $1 {[%csl LRb4,LRf4]} 40. Bd5 (40. Rd3 $14) 40... Rxf4 $11 41. Ra6 Rd4 42. Rg3+ Kf8 43. Bf3 Rxb4 44. Rxh6 Rc3 (44... Bc2 $11 {keeps the balance.}) 45. Rf6 f4 (45... Bc2 $14) 46. Rxf7+ Kxf7 $14 47. Bd5+ {[%mdl 64] Discovered Attack} Kf6 48. Rxc3 {[%mdl 4096] Endgame KRB-KRB} Rd4 49. Rc5 Ke7 50. Bg8 Kf6 51. h4 f3 52. gxf3 Rxh4+ 53. Kg3 Rd4 54. Rc6+ Kg7 55. Be6 Kf6 56. f4 Rd3+ 57. Kh4 {Strongly threatening Bc4+.} Rd2 58. Rb6 Rh2+ {[#]} ({Better is} 58... Ke7 $14) 59. Kg3 (59. Kg4 $142 $1) 59... Rd2 $16 60. Bg8+ Kg7 $1 61. Rb8 $1 ({Don't play} 61. Be6 Kf6 $16) 61... Rd3+ 62. Kh4 ({White should play} 62. Kg4 $16) 62... Rf3 (62... Rd2 $14 {is superior.}) 63. Kg4 Bd1 64. Kf5 Bc2+ 65. Ke5 Re3+ 66. Kd4 (66. Kd6 $5 {[%cal Rg8d5]}) 66... Rf3 67. Ke5 Re3+ {[#]} 68. Kd6 $1 Rf3 69. Bd5 Rxf4 70. Rxb5 Ba4 71. Rb7+ Kg6 72. Ra7 Rd4 $2 {[%mdl 8192]} (72... Bd1 $16) 73. Ke5 {Weighted Error Value: White=0.15 (very precise) /Black=0.20 (precise)} 1-0